000 00516nam a2200205 a 4500
999 _c7227
_d7227
001 7227
003 BD-JhCC
005 20180206163051.0
008 180206s1966 uk |||| |||| 000 0 eng d
035 _a(BD-JhCC)
040 _aBD-JhCC
_dBD-JhCC
041 _aeng
082 _a428.1
_bLAW 1966
100 _aLawley, A. H.
245 _aHow to Spell and Punctuate /
_cA. H. Lawley
260 _aLondon:
_bUniversity Tutorial Press Ltd;
_c1966
300 _a95 p;,
_c20 cm
650 _aPunctuation
942 _2ddc
_cBK